| 000 | 00633nam a2200229 a 4500 | ||
|---|---|---|---|
| 005 | 20210219153439.0 | ||
| 008 | 991125n 000 0 eng u | ||
| 035 | _aUPN01000100295 | ||
| 100 | _aLarson, Robert L. | ||
| 222 | _aPHI DELTA KAPPAN | ||
| 245 | _aSmall is beautiful : innovation from the inside out | ||
| 300 | _a550-554 | ||
| 362 | _a1991 72, no. 7 | ||
| 653 | 0 | _aAUTONOMIA PROFESIONAL | |
| 653 | 0 | _aINCENTIVOS | |
| 653 | 0 | _aINNOVACION EDUCATIVA | |
| 653 | 0 | _aINSTITUCIONES EDUCATIVAS | |
| 653 | 0 | _aMOTIVACION DEL MAESTRO | |
| 653 | 0 | _aSISTEMA DE EMPRESA LIBRE | |
| 904 |
_aAC _b038106 |
||
| 905 | _aArticulo | ||
| 999 |
_c77083 _d77083 |
||